Normal view
MARC view
- الأدباء العرب - تراجم - إبن المقفع - كليلة ودمنة
Entry Topical Term
001 - CONTROL NUMBER
- control field: 26591
003 - CONTROL NUMBER IDENTIFIER
- control field: JO-AjAnu
005 - DATE AND TIME OF LATEST TRANSACTION
- control field: 20230606074528.0
008 - FIXED-LENGTH DATA ELEMENTS
- fixed length control field: 230606|| aca||aabn | a|a d
040 ## - CATALOGING SOURCE
- Original cataloging agency: JO-AjAnu
- Transcribing agency: JO-AjAnu
150 ## - HEADING--TOPICAL TERM
- Topical term or geographic name entry element: الأدباء العرب - تراجم - إبن المقفع - كليلة ودمنة
670 ## - SOURCE DATA FOUND
- Source citation: Work cat.: (JO-AjAnu)13661: راجعها وعلق عليها مطرجي،عرفان, author 26590, كليلة ودمنة: روزبة بن رازويه المعروف بإبن المقفع